<?xml version="1.0" encoding="UTF-8"?>
<record
    xmlns:xsi="http://www.w3.org/2001/XMLSchema-instance"
    xsi:schemaLocation="http://www.loc.gov/MARC21/slim http://www.loc.gov/standards/marcxml/schema/MARC21slim.xsd"
    xmlns="http://www.loc.gov/MARC21/slim">

  <leader>01383naa a22003137a 4500</leader>
  <controlfield tag="001">BR8502160</controlfield>
  <controlfield tag="003">BR-BrBNA</controlfield>
  <controlfield tag="005">20250721154452.0</controlfield>
  <controlfield tag="007">ta</controlfield>
  <controlfield tag="008">250630b bl.|||m| |||| 00| 0 por d</controlfield>
  <datafield tag="040" ind1=" " ind2=" ">
    <subfield code="a">BR-BrBNA</subfield>
    <subfield code="b">por</subfield>
    <subfield code="c">Biblioteca Nacional de Agricultura</subfield>
  </datafield>
  <datafield tag="041" ind1=" " ind2=" ">
    <subfield code="a">(Pt)</subfield>
  </datafield>
  <datafield tag="072" ind1=" " ind2=" ">
    <subfield code="a">Q03</subfield>
    <subfield code="b">9705</subfield>
    <subfield code="b">G514</subfield>
  </datafield>
  <datafield tag="090" ind1=" " ind2=" ">
    <subfield code="a">Q03 BR8502160</subfield>
  </datafield>
  <datafield tag="100" ind1="1" ind2=" ">
    <subfield code="a">Scheffer, A.</subfield>
  </datafield>
  <datafield tag="111" ind1="1" ind2=" ">
    <subfield code="a">4. Simposio do Centro Nacional de Pesquisa de Suinos e Aves; 1. Simposio Catarinense de Sanidade Avicola</subfield>
    <subfield code="c">Chapeco, SC (Brazil)</subfield>
    <subfield code="d">9-12 Sep 1985</subfield>
  </datafield>
  <datafield tag="245" ind1="1" ind2=" ">
    <subfield code="a">Principais causas de condenacoes de carcacas de aves em abatedouros sob inspecao federal no estado de Santa Catarina</subfield>
  </datafield>
  <datafield tag="500" ind1=" " ind2=" ">
    <subfield code="a">Anais do 4. Simposio do Centro Nacional de Pesquisa de Suinos e Aves; 1. Simposio Catarinense de Sanidade Avicola
Concordia, SC (Brasil): 1985. p. 159-181 [12 tables; 7 graphs]
(BR8502160-AMS)
</subfield>
  </datafield>
  <datafield tag="773" ind1="0" ind2=" ">
    <subfield code="t">Anais do 4. Simposio do Centro Nacional de Pesquisa de Suinos e Aves; 1. Simposio Catarinense de Sanidade Avicola</subfield>
    <subfield code="w">Q03 BR8502160</subfield>
    <subfield code="g">Concordia, SC (Brasil), 1985. p. 159-181</subfield>
  </datafield>
  <datafield tag="650" ind1=" " ind2=" ">
    <subfield code="a">AVE DOMESTICA</subfield>
  </datafield>
  <datafield tag="650" ind1=" " ind2=" ">
    <subfield code="a">CARNE</subfield>
  </datafield>
  <datafield tag="650" ind1=" " ind2=" ">
    <subfield code="a">ABATE</subfield>
  </datafield>
  <datafield tag="650" ind1=" " ind2=" ">
    <subfield code="a">ABATEDOURO</subfield>
  </datafield>
  <datafield tag="650" ind1=" " ind2=" ">
    <subfield code="a">CARCACA</subfield>
  </datafield>
  <datafield tag="650" ind1=" " ind2=" ">
    <subfield code="a">INSPECAO SANITARIA</subfield>
  </datafield>
  <datafield tag="490" ind1=" " ind2=" ">
    <subfield code="a">Documentos - Centro Nacional de Pesquisa de Suinos e Aves (Brazil)</subfield>
    <subfield code="v">no. 9</subfield>
  </datafield>
  <datafield tag="942" ind1=" " ind2=" ">
    <subfield code="c">AMS</subfield>
    <subfield code="2">AGRIS</subfield>
  </datafield>
  <datafield tag="909" ind1=" " ind2=" ">
    <subfield code="a">202506</subfield>
    <subfield code="b">L&#xFA;cia</subfield>
    <subfield code="c">55</subfield>
    <subfield code="d">L&#xFA;cia Elande</subfield>
  </datafield>
  <datafield tag="999" ind1=" " ind2=" ">
    <subfield code="c">334987</subfield>
    <subfield code="d">334987</subfield>
  </datafield>
  <datafield tag="952" ind1=" " ind2=" ">
    <subfield code="0">0</subfield>
    <subfield code="2">AGRIS</subfield>
    <subfield code="4">0</subfield>
    <subfield code="7">0</subfield>
    <subfield code="8">AGROBASE</subfield>
    <subfield code="a">41918</subfield>
    <subfield code="b">41918</subfield>
    <subfield code="l">0</subfield>
    <subfield code="r">2025-06-30</subfield>
    <subfield code="t">01</subfield>
    <subfield code="y">AMS</subfield>
    <subfield code="1">0</subfield>
    <subfield code="d">2025-06-30</subfield>
    <subfield code="e">Portaria Interministerial n&#xBA; 164/94</subfield>
  </datafield>
</record>
